000 01169nam0a2200349 4500
001 RU\NLR\bibl\1376924
005 20250615192224.0
010 _a978-5-17-056811-6
_bАСТ
010 _a978-5-17-056811-6
_bАстрель
021 _aRU
_b2009-25933
_91540
035 _a(nilc)EL/0000251509
035 _aRSL-KNO-004273820
035 _a(NLR Aleph) 001369031
090 _a1029668
_c1029668
100 _a20090310d2008 |||y0rusy50 ca
101 0 _arus
102 _aRU
105 _aa |||||||||
200 1 _aЗаписная книжка 69
_eстихи
_fЛеонид Агутин
210 _aМосква
_cАСТ
_cАстрель
_d2008
215 _a140 с.
_cил.
_d19х19
686 _aЩ364.13(2Р=Р)7-86Агутин Л.Н.4я61
_2rubbk
686 _aШ5(2=Р)75-65я44
_2rubbk
686 _aШ6(2=Р)8-5
700 1 _aАгутин
_bЛ.
_gЛеонид
_4070
801 0 _aRU
_bЦУНБ Москва
_c20090310
_grcr
801 1 _aRU
_bЦУНБ Москва
_c20090310
_2rusmarc
801 2 _aRU
_bNLR
_c20090603
_grcr
942 _cBOOK
980 _aNB